Responses for Show #6675 - Friday, September 27, 2013

Contestants

[<< previous game]

Andrew Mugica, an options trader originally from Libertyville, Illinois

Sarah Zucker, an Internet entrepreneur and screenwriter from Los Angeles, California

Neal Pollack, a writer from Austin, Texas (whose 3-day cash winnings total $60,798)

[next game >>]

Jeopardy! Round responses

SPACE SHUTTLE FLYOVERS
30 MINUTES OF EXERCISE A DAY
THE VOWELS ARE MYTHING
(Alex: ...in the clues, but you have to identify the mythological figure.)
THE GOOD
THE "BAD"
(Alex: "Bad" will come up at the beginning of each correct response.)
THE UGLY
    $200 26
New York City

Sarah
    $200 6
glucose

Andrew
    $200 11
(Sarah: Who is Mars?)
...
(Alex: There's no "M" in the clue.)

Ares

SarahAndrew
    $200 16
Calcutta

Neal
    $200 1
a bad hair day

Neal
    $200 21
Ugly Betty

Sarah
    $400 27
San Francisco

Sarah
    $400 7
stress

Neal
    $400 12
Iris

Andrew
    $400 17
Good King Wenceslas

Neal
    $400 2
badminton

Andrew
    $400 22
dogfight

Triple Stumper
    $600 28
Washington, D.C.

Andrew
    $600 8
hypertension

Neal
    $600 13
Odin

Sarah
    $3,000 18
(Neal: What is the Good... Red Cross?)

the March of Dimes

Neal
    $600 3
the badlands

Neal
    $600 23
The Ugly Duckling

Neal
    $800 29
(Neal: What is [*]?--)
(Alex: Right.)
(Neal: --home of the world-champion Dodgers.)
(Alex: Uh-huh.)

Dodger Stadium

Neal
    $800 9
a stroke

Neal
    $800 14
Atlas

Sarah
    $800 19
Dunkirk

Neal
    $800 4
a bad penny

Neal
    $800 24
(Aaron) Eckhart

Andrew
    $1000 30
(Alex: Some memorable moments there with the shuttles.)

Houston

Sarah
    $1000 10
the gluteus maximus

Andrew
    $1000 15
Gaia

Neal
    $1000 20
M.I.T.

Triple Stumper
    $1000 5
Baden-Baden

Neal
    $1000 25
Eli Wallach

Neal

Scores at the first commercial break (after clue 15):

Neal Sarah Andrew
$5,400 $1,200 $2,200

Scores at the end of the Jeopardy! Round:

Neal Sarah Andrew
$6,200 $3,000 $3,600

Double Jeopardy! Round responses

THE BEAR ESSENTIALS
AMERICA BEFORE THE REVOLUTION
HILLBILLY MUSIC
TITLES & SUCH
THAT VERB'S DARNED IRREGULAR
ICONIC PENTAMETER
    $400 24
cubs

Andrew
    $400 26
copper

Andrew
    $400 6
bluegrass

Sarah
    $400 11
a lawyer

Andrew
    $400 16
dealt

Neal
    $400 1
(Neal: What is Hamlet?)
...
(Alex: What is [*]? Remember the daughters.)

King Lear

Neal
Triple Stumper
    $800 21
a polar bear

Sarah
    $800 29
the Iroquois Nation

Sarah
    $800 7
the banjo

Sarah
    $800 12
a Doctor of Divinity

Neal
    $800 17
crept

Sarah
    $800 2
Romeo & Juliet

Andrew
    $1200 22
the salmon

Sarah
    $1200 25
Virginia

Neal
    $1200 8
The Grand Ole Opry

Neal
    $1200 13
(Alex: An honorary [*] of the city.)

Freeman

Triple Stumper
    $1200 18
burst

Neal
    $1200 3
(Alex: Now is the time.)

Hamlet

Sarah
    $1600 23
(Sarah: What is the Kodiak?)

a grizzly bear

NealSarah
    $1600 27
(Neal: Who is Greeley?)

John Peter Zenger

Neal
Triple Stumper
    $1600 9
Dwight Yoakam

Triple Stumper
    $1600 14
dissertation

Andrew
    $1600 19
sprung (or sprang)

Sarah
    $1,500 4
(Alex: Who else?)

Macbeth

Sarah
    $1,000 30
(Alex: You said it awhile ago, only this time you're right. Way to go!)

the Kodiak

Sarah
    $2000 28
William Bradford

Triple Stumper
    $2000 10
the Carters

Sarah
    $2000 15
a cinematographer

Sarah
    $2000 20
(Sarah: What is swam?)
...
(Alex: [*]--past participle--correct.)

swum

SarahAndrew
    $2000 5
Richard III

Neal

Scores at the end of the Double Jeopardy! Round:

Neal Sarah Andrew
$12,600 $13,500 $9,200

[wagering suggestions for these scores]

Final Jeopardy! Round responses

EUROPEAN CAPITALS
(Alex: The correct response--the capital of Slovakia--[*].)
AndrewWhat is Sarajevo?
$9,200
NealWhat is Prague?
$12,599
SarahWhat is Kiev
$11,701
Bratislava

Final scores:

Neal Sarah Andrew
$1 $1,799 $0
2nd place: $2,000 New champion: $1,799 3rd place: $1,000

Game dynamics:

Coryat scores:

Neal Sarah Andrew
$15,600 $14,600 $9,200
21 R,
3 W
(including 1 DD)
18 R
(including 2 DDs),
3 W
13 R,
0 W

Combined Coryat: $39,400

[game clues] [game scores] [suggest correction]

Game tape date: 2013-08-21
The J! Archive is created by fans, for fans. Scraping, republication, monetization, and malicious use prohibited; this site may use cookies and collect identifying information. See terms. The Jeopardy! game show and all elements thereof, including but not limited to copyright and trademark thereto, are the property of Jeopardy Productions, Inc. and are protected under law. This website is not affiliated with, sponsored by, or operated by Jeopardy Productions, Inc. Join the discussion at JBoard.tv.